000 00820nam a22003137a 4500
001 BR9406176
003 BR-BrBNA
005 20230928094129.0
007 ta
008 230509b bl.||||| |||| 00| 0 por d
040 _aBR-BrBNA
_bpor
_cBiblioteca Nacional de Agricultura
041 _a(Por)
072 _aE40; F01; F04
_b0180
_b1470
_b1460
090 _ 0180 BR9406176
110 1 _aCooperativa Agropecuaria Arapoti Ltda., PR (Brasil)
_92786
245 1 _aRelatorio safra de inverno 88
260 3 _aArapoti, PR (Brasil):
_c1988.
300 _a77 p.
500 _a12 illus.
650 _aTrigo
650 _aErvilha
650 _aLentilha
650 _aCooperativa
650 _aAdubacao
650 _aPratica Cultural
650 _aIrrigacao
909 _a202309
_bLucia
_c55
_dLucia Elande
942 _cBK
999 _c49009
_d49009